Statistics for Belgium Euro 2020 Squad

Click here to take the quiz!

General Stats

  • This quiz has been taken 1,810 times
  • The average score is 17 of 27

Answer Stats

#PositionPlayer% Correct
9FWRomelu Lukaku
98%
1GKThibaut Courtois
98%
7MFKevin De Bruyne
97%
10FW ©Eden Hazard
96%
16MFThorgan Hazard
96%
5DFJan Vertonghen
89%
2DFToby Alderweireld
79%
6MFAxel Witsel
78%
15DFThomas Meunier
70%
12GKSimon Mignolet
69%
14FWDries Mertens
68%
8MFYouri Tielemans
68%
ManagerRoberto Martínez
64%
11MFYannick Carrasco
63%
18DFJason Denayer
57%
23FWMichy Batshuayi
52%
3DFThomas Vermaelen
52%
25FWJérémy Doku
51%
21DFTimothy Castagne
51%
4DFDedryck Boyata
50%
20FWChristian Benteke
46%
19DFLeander Dendoncker
42%
22MFNacer Chadli
38%
13GKMatz Sels
37%
17MFHans Vanaken
31%
24FWLeandro Trossard
31%
26MFDennis Praet
30%

Score Distribution

Percentile by Number Answered

Percent of People with Each Score

Your Score History

You have not taken this quiz